Statistics for Country by City "I"

Click here to take the quiz!

General Stats

  • This quiz has been taken 69 times
  • The average score is 10 of 11

Answer Stats

City Country % Correct
IndianapolisUnited States
100%
IstanbulTurkey
100%
IslamabadPakistan
97%
InnsbruckAustria
95%
IpswichUnited Kingdom
92%
IchikawaJapan
92%
IngolstadtGermany
90%
IxtapalucaMexico
83%
IrkutskRussia
82%
InchonSouth Korea
75%
IbadanNigeria
45%

Score Distribution

Percentile by Number Answered

Percent of People with Each Score

Your Score History

You have not taken this quiz